Giáo trình địa lí các châu lục T.1 Những vấn đề địa lí toàn cầu, châu Phi, châu Âu và châu Mĩ
Trình bày khái niệm và những kiến thức cơ bản về địa lí tự nhiên châu Nam Cực, châu đại Dương, châu Á; Khái quát về địa lí nhân văn và đặc điểm phát triển kinh tế xã hội các nước châu Á; Phương pháp dạy học bộ môn địa lí các châu......
Sparad:
| Huvudupphovsman: | |
|---|---|
| Övriga upphovsmän: | , |
| Materialtyp: | Bok |
| Språk: | Vietnamese |
| Publicerad: |
H.
Đại học Sư phạm
2011
|
| Ämnen: | |
| Taggar: |
Lägg till en tagg
Inga taggar, Lägg till första taggen!
|
| Thư viện lưu trữ: | Mạng thư viện Đại học Đà Nẵng |
|---|
| LEADER | 02234aam a22004818a 4500 | ||
|---|---|---|---|
| 001 | 000018178 | ||
| 003 | 14605 | ||
| 005 | 20130924080911.0 | ||
| 008 | 130917s2011 viesd | ||
| 020 | |d 500b | ||
| 041 | 0 | |a vie | |
| 082 | 1 | 4 | |2 14 |a 910.71 |b NG-H |
| 100 | 1 | |a Nguyễn Phi Hạnh |e chủ biên | |
| 245 | 1 | 0 | |a Giáo trình địa lí các châu lục |c Nguyễn Phi Hạnh (ch.b.), Ông Thị Đan Thanh, Nguyễn Đình Giang |n T.1 |p Những vấn đề địa lí toàn cầu, châu Phi, châu Âu và châu Mĩ |
| 246 | |a Giáo trình địa lý các châu lục | ||
| 260 | |a H. |b Đại học Sư phạm |c 2011 | ||
| 300 | |a 289 tr. |b ảnh, bản đồ |c 24 cm. | ||
| 500 | |a ĐTTS: Bộ Giáo dục và Đào. Dự án Đào tạo Giáo viên THCS | ||
| 520 | |a Trình bày khái niệm và những kiến thức cơ bản về địa lí tự nhiên châu Nam Cực, châu đại Dương, châu Á; Khái quát về địa lí nhân văn và đặc điểm phát triển kinh tế xã hội các nước châu Á; Phương pháp dạy học bộ môn địa lí các châu... | ||
| 650 | 0 | 4 | |2 Bộ TK TVQG |a Địa lý |v Giáo trình |z Châu Phi |
| 650 | 0 | 4 | |2 Bộ TK TVQG |a Địa lý |v Giáo trình |z Châu Âu |
| 650 | 0 | 4 | |a Địa lý |v Giáo trình |z Châu Mỹ |
| 653 | |a Địa lí | ||
| 653 | |a Châu lục | ||
| 653 | |a Châu Phi | ||
| 653 | |a Châu Âu | ||
| 653 | |a Châu Mĩ | ||
| 655 | 7 | |2 Bộ TK TVQG |a Giáo trình | |
| 700 | 1 | |a Ông Thị Đan Thanh | |
| 700 | 1 | |a Nguyễn Đình Giang | |
| 710 | |a Nguyễn Đình Giang | ||
| 773 | |d Nxb. ĐH Sư phạm |d H. |d 2007 |t Giáo trình địa lí các châu lục |w 11843 | ||
| 773 | |b In lần thứ 4 |d H. |d Đại học Sư phạm |d 2011 |t Giáo trình địa lí các châu lục |w 14604 | ||
| OWN | |a LSP | ||
| AVA | |a UDN50 |b LSP |d 910.71 NG-H |e available |t Error 5001 Not defined in file expand_doc_bib_avail. |f 5 |g 0 |h N |i 0 |k 1 | ||
| 999 | |a From the UDN01 | ||
| AVA | |a UDN50 |b LSP |d 910.71 NG-H |e available |t Error 5001 Not defined in file expand_doc_bib_avail. |f 5 |g 0 |h N |i 0 |k 1 | ||
| TYP | |a Monograph | ||
| TYP | |a Printed language | ||
| 980 | |a Mạng thư viện Đại học Đà Nẵng | ||